Nicks by Picture - Statistics

General Stats
  • This quiz has been taken 38 times
  • The average score is 9 of 16
Answer Stats
Picture Answer % Correct
Nicolas Cage
100%
Nicki Minaj
94%
Nikola Tesla
89%
Saint Nicholas
83%
Nick Nolte
66%
Nicholas II
63%
Nick Jonas
63%
Nick Fury
57%
Nicolaus Copernicus
57%
Nikola Jokic
49%
Nick Offerman
40%
Nick Saban
40%
Nick Cannon
37%
Nick Frost
23%
Nick Kroll
17%
Nick Carter
14%
No matching quizzes found
Score Distribution
Percent of People with Each Score
Percentile by Number Answered
Your Score History
You have not taken this quiz